| 000 | 00841cam a22002777a 4500 | ||
|---|---|---|---|
| 001 | 001854 | ||
| 003 | armpunfd | ||
| 005 | 20140612090651.0 | ||
| 008 | 060228e0####xx#a##########000#0#und#d | ||
| 040 |
_aarmpunfd _carmpunfd |
||
| 080 | _a341.33 C 629 | ||
| 245 | 1 | 0 | _aLos convenios de ginebra del 12 de agosto de 1949 |
| 260 | _a Ginebra : Comite Internacional De La Cruz Roja | ||
| 650 | 7 |
_a Barcos Hospitales _2LEMB |
|
| 650 | 7 |
_a Convenio De Ginebra _2LEMB |
|
| 650 | 7 |
_a Cruz Roja _2LEMB |
|
| 650 | 7 |
_a Enfermos _2LEMB |
|
| 650 | 7 |
_a Establecimientos Sanitarios _2LEMB |
|
| 650 | 7 |
_a Heridos _2LEMB |
|
| 650 | 7 |
_a Naufragos _2LEMB |
|
| 650 | 7 |
_a Prisioneros De Guerra _2LEMB |
|
| 650 | 7 |
_a Signos Distintivos _2LEMB |
|
| 650 | 7 |
_a Transportes Sanitarios _2LEMB |
|
| 942 |
_cLB _2cdu |
||
| 945 |
_aCatalis _d2010-08-19 |
||
| 999 |
_c1845 _d232349 |
||